000 00382nam a2200157Ia 4500
008 210716s1995 xx 000 0 und d
020 _a8170294991
041 _aeng
082 _a006.37 MCBP
100 _aMcbride, P K.
245 _aProgramming in visual basic.
250 _a1
260 _aNew Delhi
_bBPB Publications
_c1995
300 _aviii,199
650 _aVisual Basic
999 _c183109
_d183109